Sports Quiz

Random Sports Quiz

Seagulls Season Quiz Stats

 Plays Quiz not verified by Sporcle

Support Sporcle.
Go Orange.
Score 0/25 Timer 10:00
0 Plays Today
Hint Answer % Correct
Who conceded a free kick which was scored bySam Lean
100%
Who's relationship status is Single
100%
Which was the number of goals scored byMatt
100%
Who scored how many goals?0
100%
Which was the number of goals conceded by which Seagulls Keeper?Cam
100%
and was the same kit number as Josh
100%
Who were our _nd opponent of the season2
100%
Which was the number of goals scored by which player against BundeenaJacob
100%
Who got yellow carded against Miranda
100%
Which was the number of goals scored against which rival teamCronulla
100%
Who had which butthurt loserJarrod
100%
Who complained that Cameron Mitchell took a dive
100%
Which Jarrad Nance had to do in which positionGoalkeeper
100%
Hint Answer % Correct
Who scored how many goals this season3
100%
Which was the number of goals scored by who on opening matchdayDan
100%
Scored the first goal of the seasonDan
83.3%
AgainstBosco
83.3%
Who was asked to join by Liam
83.3%
Who scored how many goals in the season?21
83.3%
Who conceded how many goals6
83.3%
This role was shared between Jarrad andJosh
83.3%
Who won a penalty againstLilli Pilli
83.3%
Who missed an open goal againstGeorges
66.7%
Which was the club of Seagulls newest additionThomas
66.7%
Who will help Seagulls win the comp in 2014
66.7%

You're not logged in!

Compare scores with friends on all Sporcle quizzes.
OR
Log In

From the Vault

Title Character Movies

by LTH

It just makes it that much harder for these actors to forget their character's name.
Remove Ads.
Support Sporcle.
Get the best of Sporcle when you Go Orange. This ad-free experience offers more features, more stats, and more fun while also helping to support Sporcle. Thank you for becoming a member.

Show Comments

Extras

Created Oct 14, 2013ReportNominate
Tags:season

Top Quizzes Today


Score Distribution

Your Account Isn't Verified!

In order to create a playlist on Sporcle, you need to verify the email address you used during registration. Go to your Sporcle Settings to finish the process.

Report this User

Report this user for behavior that violates our Community Guidelines.

Details: